000 00501nam a2200205Ia 4500
003 OSt
005 20231005154422.0
008 210210b1939 xxu||||| |||| 00| 0 eng d
040 _cAL
041 _aeng
082 _a825/873
100 _aTRILLING (Lionel)
_9136325
245 _aMethew arnold
260 _aLondon
_bGeorge Allen and Unwin Limited
_c1939
650 _aMethew
_9136326
650 _aarnold
_9136327
690 _aEnglish Criticism
_9136328
906 _a015188
942 _2ddc
_cBK
999 _c134505
_d134505